[Event "AUTO-INT-1508"]
[Site "http://www.queenalice.com/game.php?id=679513"]
[Date "2009.11.8"]
[Round "1"]
[White "Prof_Odair"]
[Black "Uruzus"]
[Result "1-0"]
[WhiteElo "1860"]
[BlackElo "1457"]

1. e4 e5 2. Nf3 Nc6 3. Bb5 Nd4 4. Nxd4 exd4 5. d3 Qf6 6. Nd2 Bb4 7. O-O a6 8.
Bc4 Ne7 9. Nf3 O-O 10. Bg5 Qd6 11. e5 Qg6 12. Bxe7 Bxe7 13. Nxd4 d6 14. Qf3 dxe5
15. Ne2 Bd6 16. Ng3 b5 17. Bd5 Bg4 18. Qe4 Qxe4 19. Nxe4 Rac8 20. Bb7 Rb8 21.
Bxa6 Be7 22. Nc3 c6 23. Rae1 Bd6 24. a4 Bd7 25. axb5 cxb5 26. Ne4 Bb4 27. c3 Be7
28. c4 bxc4 29. dxc4 Bf5 30. f3 Rxb2 31. Nc3 Bd3 32. Rxe5 Bf6 33. Rfe1 Bxe5 34.
Rxe5 Ra8 35. h3 f6 36. Ra5 Bxc4 37. Bxc4+ Kf8 38. Rxa8+ Ke7 39. Nd5+ Kd6 40. Nf4
Ke5 41. Nd3+ 1-0

[Event "AUTO-INT-1508"]
[Site "http://www.queenalice.com/game.php?id=679514"]
[Date "2009.11.8"]
[Round "1"]
[White "Uruzus"]
[Black "ButchCassidy"]
[Result "0-1"]
[WhiteElo "1424"]
[BlackElo "1668"]

1. e4 e5 2. Qf3 Nf6 3. d3 Bc5 4. Nc3 h6 5. Be3 Bxe3 6. Qxe3 O-O 7. Nd5 Nxd5 8.
exd5 Qf6 9. Nf3 e4 10. dxe4 Qxb2 11. Rc1 Qxa2 12. Bd3 Qa5+ 13. c3 d6 14. O-O Bg4
15. Nh4 Nd7 16. Qg3 Ne5 17. h3 Nxd3 18. Qxd3 Bd7 19. c4 b5 20. Rfe1 bxc4 21.
Qxc4 Rac8 22. Qd4 c5 23. Qd3 c4 24. Qd4 Rc7 25. Nf5 Bxf5 26. exf5 f6 27. Kf1 c3
28. Re3 c2 29. Qb2 Rfc8 30. Re2 Qxd5 31. g4 Qh1# 0-1

[Event "AUTO-INT-1508"]
[Site "http://www.queenalice.com/game.php?id=679515"]
[Date "2009.11.8"]
[Round "1"]
[White "ButchCassidy"]
[Black "Uruzus"]
[Result "0-1"]
[WhiteElo "1659"]
[BlackElo "1379"]

1. e4 e5 2. Nf3 Nc6 3. Bc4 Nf6 4. d3 Bb4+ 5. Nbd2 d5 6. c3 dxc4 7. cxb4 Qxd3 8.
a3 Bg4 9. h3 Bxf3 10. Qxf3 Nd4 11. Qxd3 cxd3 12. O-O O-O-O 13. Nc4 Nxe4 14. f3
Ng3 15. Rd1 Nde2+ 16. Kf2 b5 17. Nxe5 Rhe8 18. Nxd3 Nf5 19. Bg5 f6 20. g4 Nfd4
21. Be3 Nc2 22. Rab1 Nxe3 23. Kxe2 Nxd1+ 24. Kxd1 Rxd3+ 25. Kc2 Rxf3 0-1

[Event "AUTO-OPEN-1754"]
[Site "http://www.queenalice.com/game.php?id=679631"]
[Date "2009.11.8"]
[Round "1"]
[White "castel1341"]
[Black "Uruzus"]
[Result "1-0"]
[WhiteElo "2197"]
[BlackElo "1459"]

1. e4 e5 2. Nf3 Nc6 3. Bb5 Bc5 4. Nxe5 Nxe5 5. d4 a6 6. Be2 Bxd4 7. Qxd4 Qf6 8.
Nc3 Nf3+ 9. Bxf3 Qxd4 10. O-O d6 11. Nd5 Qc4 12. Be3 c6 13. Nc7+ Ke7 14. Nxa8
Be6 15. c3 Nf6 16. Nb6 Qb5 17. b3 Qe5 18. Bd4 Qg5 19. Be3 Qa5 20. b4 Qa3 21.
Rfc1 c5 22. h3 h6 23. bxc5 dxc5 24. c4 Qa5 25. Rab1 g5 26. Nd5+ Nxd5 27. cxd5
Bd7 28. Bxc5+ Ke8 29. Rxb7 Qd8 30. Bd6 Bc8 31. Rxc8 Qxc8 32. Rb8 Qxb8 33. Bxb8
Ke7 34. Bc7 Kd7 35. d6 h5 36. Be2 g4 37. Bxa6 gxh3 38. Bb5+ Kc8 39. Bb6 Kb7 40.
Ba5 Ra8 41. d7 Rxa5 42. d8=Q Rxb5 43. Qd7+ Ka6 44. Qxf7 hxg2 45. Kxg2 Ka5 46. a3
Ka4 47. Qc4+ Ka5 48. Qxb5+ Kxb5 49. e5 Kc6 50. a4 Kd5 51. f4 Ke6 52. a5 Kd7 53.
a6 Kc7 54. e6 h4 55. e7 h3+ 56. Kxh3 Kd7 57. a7 Kxe7 58. a8=Q Kf6 59. Qd5 Kg6
60. Qe6+ Kh5 61. Kg2 Kh4 62. Qh3# 1-0

[Event "AUTO-OPEN-1754"]
[Site "http://www.queenalice.com/game.php?id=679632"]
[Date "2009.11.8"]
[Round "1"]
[White "Uruzus"]
[Black "castel1341"]
[Result "0-1"]
[WhiteElo "1469"]
[BlackElo "2151"]

1. e4 d5 2. e5 Bf5 3. Nc3 e6 4. d4 Be7 5. Qe2 c6 6. a4 Bb4 7. g4 Be4 8. f3 Qh4+
9. Qf2 Qxf2+ 10. Kxf2 Bxc2 11. Bd2 Ne7 12. h4 h6 13. h5 Nd7 14. b3 O-O 15. Nge2
f6 16. Bf4 fxe5 17. Bxe5 Nxe5 18. dxe5 d4 19. Na2 Bc5 20. b4 Bb6 21. a5 d3+ 22.
Ke1 dxe2 23. Bxe2 Bd4 24. Rc1 Bb3 25. Nc3 Bxc3+ 26. Rxc3 Bd5 27. Rh2 Rf4 28. b5
Raf8 29. bxc6 Nxc6 30. Bb5 Nxe5 31. Ke2 Nxf3 32. Rh1 Nd4+ 33. Ke3 Nxb5 34. Rhc1
Nxc3 35. Rxc3 Rf3+ 36. Kd4 Rxc3 37. Kxc3 Rf4 38. a6 bxa6 39. g5 Kf7 40. g6+ Kf6
41. Kd3 Ke5 42. Ke3 Rf3+ 43. Ke2 Ke4 44. Kd2 Kd4 45. Ke2 Ra3 46. Kd2 Ra2+ 47.
Kc1 Kd3 0-1

[Event "AUTO-OPEN-1754"]
[Site "http://www.queenalice.com/game.php?id=679659"]
[Date "2009.11.8"]
[Round "1"]
[White "Uruzus"]
[Black "thw"]
[Result "0-1"]
[WhiteElo "1424"]
[BlackElo "1869"]

1. e4 e6 2. Nh3 d5 3. e5 c5 4. d4 Nc6 5. Bb5 Bd7 6. c3 Qb6 7. Bxc6 Bxc6 8. Be3
Qxb2 9. Nd2 Qxc3 10. Rc1 Qa5 11. dxc5 d4 12. Bxd4 Bxg2 13. Qg4 Bxh1 14. f3 Qxa2
15. Qg1 Qa3 16. Kf2 Bxf3 17. Nxf3 Rc8 18. Nf4 Bxc5 19. Ne2 Bxd4+ 20. Nfxd4 Rxc1
21. Nxc1 Qb2+ 22. Kg3 Ne7 23. Nce2 O-O 24. Qe3 Rd8 25. Nf3 a5 26. Nf4 Nf5+ 27.
Kg4 Nxe3+ 28. Kg5 h6+ 29. Kh5 Nf5 30. h4 g6+ 31. Kg4 a4 32. h5 gxh5+ 33. Kxh5
Qf2 34. Kg4 Qg3+ 35. Kh5 Qxf3# 0-1

[Event "AUTO-OPEN-1754"]
[Site "http://www.queenalice.com/game.php?id=679660"]
[Date "2009.11.8"]
[Round "1"]
[White "thw"]
[Black "Uruzus"]
[Result "0-1"]
[WhiteElo "1810"]
[BlackElo "1362"]

1. e4 e5 2. Nf3 Nc6 3. Bb5 Bc5 4. O-O Nd4 5. Nxe5 Nxb5 6. c3 d6 7. Nf3 Bg4 8. d4
Bb6 9. h3 Bxf3 10. Qxf3 c5 11. a4 Nc7 12. a5 Bxa5 13. Rxa5 cxd4 14. cxd4 Nf6 15.
Bg5 Ne6 0-1

[Event "AUTO-OPEN-1754"]
[Site "http://www.queenalice.com/game.php?id=679661"]
[Date "2009.11.8"]
[Round "1"]
[White "Uruzus"]
[Black "rangelzintjf"]
[Result "0-1"]
[WhiteElo "1362"]
[BlackElo "2174"]

1. e4 c5 2. Bc4 Nc6 3. c3 Nf6 4. Qf3 Ne5 5. Qe2 Nxc4 6. Qxc4 d5 7. Qb5+ Bd7 8.
Qxc5 e6 9. Qd4 dxe4 10. d3 Qc7 11. dxe4 Bc5 12. Qd3 Rd8 13. Nf3 Ba4 14. Qc4
Bxf2+ 15. Kxf2 Ng4+ 16. Ke2 Qxc4+ 0-1

[Event "AUTO-OPEN-1754"]
[Site "http://www.queenalice.com/game.php?id=679662"]
[Date "2009.11.8"]
[Round "1"]
[White "rangelzintjf"]
[Black "Uruzus"]
[Result "1-0"]
[WhiteElo "2341"]
[BlackElo "1461"]

1. e4 e5 2. d4 Bd6 3. dxe5 Bxe5 4. f4 Bd6 5. Be3 c5 6. Qxd6 Qb6 7. Bxc5 Qxd6 8.
Bxd6 Nf6 9. Nd2 a5 10. Ngf3 Na6 11. c3 b6 12. Bc4 Nc5 13. O-O Bb7 14. Ng5 Ne6
15. Nxe6 fxe6 16. e5 Ne4 17. Nxe4 Bxe4 18. Rae1 Bc6 19. f5 b5 20. fxe6 dxe6 21.
Bxe6 g5 22. Rf7 h5 23. Ref1 Kd8 24. Rf8+ Rxf8 25. Rxf8+ Be8 26. Bf7 Kd7 27.
Bxe8+ Rxe8 28. Rxe8 Kxe8 29. Kf2 Kd7 30. Ke3 Ke6 31. Ke4 h4 32. h3 a4 33. b3
axb3 34. axb3 Kd7 35. Kd5 Kd8 36. c4 bxc4 37. bxc4 Kd7 38. e6+ Kd8 39. e7+ Kd7
40. c5 g4 41. hxg4 h3 42. gxh3 Ke8 43. c6 1-0

[Event "AUTO-OPEN-1776"]
[Site "http://www.queenalice.com/game.php?id=689157"]
[Date "2009.11.26"]
[Round "1"]
[White "igorzz"]
[Black "Uruzus"]
[Result "1-0"]
[WhiteElo "2377"]
[BlackElo "1362"]

1. e4 e5 2. Nf3 Qf6 3. Nc3 c6 4. d4 d6 5. dxe5 dxe5 6. Bg5 Qd6 7. Nxe5 Qxd1+ 8.
Rxd1 f6 9. Bh4 g5 10. Bg3 fxe5 11. Bxe5 Nf6 12. Bxf6 Rg8 13. Bc4 Rg6 14. Rd8#
1-0

[Event "AUTO-OPEN-1776"]
[Site "http://www.queenalice.com/game.php?id=689158"]
[Date "2009.11.26"]
[Round "1"]
[White "Uruzus"]
[Black "igorzz"]
[Result "0-1"]
[WhiteElo "1446"]
[BlackElo "2407"]

1. e4 e5 2. Qf3 Nf6 3. Bc4 Nc6 4. c3 Be7 5. Ne2 O-O 6. O-O d6 7. Ng3 Bg4 8. Qe3
d5 9. exd5 Nxd5 10. Qe4 Nf6 11. Qe3 Na5 12. Be2 Nc6 13. Bxg4 Nxg4 14. Qf3 Nf6
15. d3 Qd5 16. Qxd5 Nxd5 17. c4 Ndb4 18. a3 Nc2 19. Ra2 a5 20. b3 N2d4 21. Nc3
Nxb3 22. Nge4 f5 23. Nd2 Nc5 24. Nd5 Bd6 25. Nf3 Nxd3 26. Ng5 Rae8 27. Rd1 e4
28. f3 h6 29. Nh3 Nce5 30. f4 Nxc4 31. a4 c6 32. Ne3 Bc5 33. Re2 Nxc1 34. Rxc1
Bxe3+ 35. Rxe3 Nxe3 36. Kf2 Nd5 37. Ke2 e3 38. Ng1 Nxf4+ 39. Kf3 Re4 40. Ra1 g5
41. h3 e2 42. Nxe2 Rxe2 43. g3 Rfe8 44. Ra3 Nxh3 45. g4 Ng1+ 46. Kg3 f4# 0-1

[Event "AUTO-OPEN-1776"]
[Site "http://www.queenalice.com/game.php?id=689201"]
[Date "2009.11.26"]
[Round "1"]
[White "Uruzus"]
[Black "CCapivara"]
[Result "1-0"]
[WhiteElo "1416"]
[BlackElo "2128"]

1. e4 e5 2. Bc4 Nf6 3. Qf3 Bc5 4. Nh3 O-O 5. O-O d6 6. c3 Nc6 7. d3 a6 8. Qg3
Kh8 9. Ng5 Qe7 10. b4 Ba7 11. Qh4 h6 12. Na3 Kg8 13. Nf3 Be6 14. b5 Bxc4 15.
dxc4 axb5 16. cxb5 Nd8 17. Qg3 Nxe4 18. Qg4 f5 19. Qg6 Nxc3 20. Bxh6 Rf6 21. Qg5
Nf7 22. Qxg7# 1-0

[Event "AUTO-OPEN-1776"]
[Site "http://www.queenalice.com/game.php?id=689202"]
[Date "2009.11.26"]
[Round "1"]
[White "CCapivara"]
[Black "Uruzus"]
[Result "1-0"]
[WhiteElo "2128"]
[BlackElo "1416"]

1. e4 e5 2. f4 exf4 3. Nf3 d6 4. Bc4 Bg4 5. O-O Qf6 6. d3 Nc6 7. Nc3 Ne5 8. Nd5
Qd8 9. Bxf4 Nxf3+ 10. gxf3 Bh3 11. Re1 c6 12. Nc3 Qh4 13. Bg3 Qg5 14. f4 Qh6 15.
Qf3 Nf6 16. e5 Nh5 17. exd6+ Kd7 18. Bxf7 Nxg3 19. Qxg3 Bxd6 20. Re3 Bc5 21. d4
Bxd4 22. Rd1 c5 23. Nb5 Rhf8 24. Nxd4 cxd4 25. Rxd4+ Kc7 26. Rc3+ Kb8 27. f5+
Qd6 28. Qxd6# 1-0

[Event "AUTO-OPEN-1789"]
[Site "http://www.queenalice.com/game.php?id=694442"]
[Date "2009.12.7"]
[Round "1"]
[White "magalhaes"]
[Black "Uruzus"]
[Result "1-0"]
[WhiteElo "1708"]
[BlackElo "1481"]

1. e4 e5 2. Nf3 d6 3. Bc4 Bg4 4. h3 Bxf3 5. gxf3 c6 6. Nc3 Nf6 7. d4 exd4 8.
Qxd4 d5 9. exd5 Bb4 10. Bd2 Bxc3 11. Bxc3 cxd5 12. Bb5+ Nc6 13. Qa4 O-O 14. Bxc6
bxc6 15. Qxc6 Qe7+ 16. Kd2 Rfe8 17. Rhe1 Qd8 18. Bxf6 gxf6 19. Re3 Rxe3 20. fxe3
d4 21. Rg1+ Kh8 22. e4 Rc8 23. Qb5 Qc7 24. Rc1 Qf4+ 25. Kd1 Qxf3+ 26. Qe2 Qxh3
27. Kd2 Qe6 28. b3 Rc3 29. Re1 Re3 30. Qh2 Qb6 31. Qf4 Qb4+ 32. Kc1 Rxe1+ 33.
Kb2 a5 34. Qxf6+ Kg8 35. Qg5+ Kf8 36. Qd8+ Kg7 37. Qg5+ Kh8 38. Qf6+ Kg8 39.
Qg5+ Kf8 40. Qd8+ 1-0

[Event "AUTO-OPEN-1789"]
[Site "http://www.queenalice.com/game.php?id=694472"]
[Date "2009.12.7"]
[Round "1"]
[White "saoud1954"]
[Black "Uruzus"]
[Result "0-1"]
[WhiteElo "1377"]
[BlackElo "1444"]

1. e4 e5 2. Nf3 Nc6 3. Bc4 d6 4. Nc3 Bg4 5. a3 Bxf3 6. Qxf3 Qf6 7. Nd5 Qxf3 8.
gxf3 Kd7 9. d3 Nd4 10. Bb3 Nxf3+ 11. Ke2 Nd4+ 12. Ke3 g6 13. Ba2 Nxc2+ 14. Ke2
Nxa1 15. Be3 Nc2 16. f4 Nxe3 17. Kxe3 c6 0-1

[Event "AUTO-OPEN-1789"]
[Site "http://www.queenalice.com/game.php?id=694473"]
[Date "2009.12.7"]
[Round "1"]
[White "Uruzus"]
[Black "saoud1954"]
[Result "1-0"]
[WhiteElo "1457"]
[BlackElo "1364"]

1. e4 c5 2. Bc4 e5 3. Nc3 Nf6 4. d3 Be7 5. Bg5 d6 6. Bxf6 Bxf6 7. Qh5 O-O 8. Nf3
g6 9. Qh6 Be6 10. Nd5 Bg7 11. Qe3 a6 12. Ng5 Bxd5 13. Bxd5 h6 14. Nf3 Nc6 15.
Bxc6 bxc6 16. O-O Rb8 17. b3 1-0

[Event "AUTO-OPEN-1789"]
[Site "http://www.queenalice.com/game.php?id=825725"]
[Date "2010.8.30"]
[Round "2"]
[White "rodriguesr"]
[Black "Uruzus"]
[Result "1-0"]
[WhiteElo "2156"]
[BlackElo "1468"]

1. d4 e6 2. c4 c6 3. Nc3 Qf6 4. Nf3 Bb4 5. Bd2 Ne7 6. e3 Bxc3 7. Bxc3 d5 8. Bd3
Nf5 9. cxd5 exd5 10. O-O Nh4 11. Nxh4 Qxh4 12. Re1 Qg5 13. Qf3 b5 14. Bb4 1-0

[Event "AUTO-OPEN-1789"]
[Site "http://www.queenalice.com/game.php?id=825726"]
[Date "2010.8.30"]
[Round "2"]
[White "Uruzus"]
[Black "rodriguesr"]
[Result "0-1"]
[WhiteElo "1470"]
[BlackElo "2155"]

1. e4 c5 2. Bc4 e6 3. c3 d5 4. exd5 exd5 5. Bb5+ Bd7 6. Qe2+ Be7 7. d4 a6 8.
Bxd7+ Nxd7 9. Bg5 Ngf6 10. Nf3 O-O 11. O-O Re8 12. Ne5 Bd6 13. Nd2 Nxe5 14. dxe5
Rxe5 0-1

[Event "AUTO-OPEN-1789"]
[Site "http://www.queenalice.com/game.php?id=825729"]
[Date "2010.8.30"]
[Round "2"]
[White "Hortelino"]
[Black "Uruzus"]
[Result "1-0"]
[WhiteElo "2149"]
[BlackElo "1472"]

1. d4 d5 2. c4 Nf6 3. cxd5 Qxd5 4. Nc3 Qf5 5. Nf3 e6 6. e3 Bb4 7. Bd3 Ne4 8. Qc2
Qg4 9. Bxe4 f5 10. Qa4+ Bd7 11. Qxb4 fxe4 12. Qxb7 Bc6 13. Qc8+ Kf7 14. Ne5+ Ke7
15. Qxc7+ Nd7 16. Nxg4 h5 17. Ne5 Rac8 18. Nxc6+ 1-0

[Event "AUTO-OPEN-1789"]
[Site "http://www.queenalice.com/game.php?id=825730"]
[Date "2010.8.30"]
[Round "2"]
[White "Uruzus"]
[Black "Hortelino"]
[Result "0-1"]
[WhiteElo "1474"]
[BlackElo "2148"]

1. e4 c5 2. Bc4 e6 3. b3 a6 4. Bb2 d5 5. Bd3 Nc6 6. Nf3 Nf6 7. Bxf6 Qxf6 8. Na3
c4 9. bxc4 Bxa3 10. cxd5 exd5 11. exd5 Ne5 12. Qe2 Bd6 13. O-O O-O 14. Qe4 Nxf3+
15. Qxf3 Qxf3 16. gxf3 Bd7 17. Rab1 b5 18. c3 Rfe8 19. Kh1 Re5 0-1